Mitobotanica zapoteca /

Bibliographic Details
Main Author: Reko, Blas Pablo
Format: Book
Language:Spanish
Zapotec
Published: Tacubaya : D.F., General Leon 9, 1945.
Subjects:

MARC

Tag First Indicator Second Indicator Subfields
LEADER 00000cam a2200000 4500
001 in00000037011
005 20151007070351.0
008 770124s1945 mx a 00010 spa
010 |a  47023301  
035 |a (OCoLC)02698318 
035 |9 AAE3874AM 
040 |a DLC  |c TKN  |d TXA  |d UtOrBLW 
041 0 |a spa  |a zap 
043 |a n-mx--- 
049 |a TXAM  |c [402913] 
050 0 0 |a QK13  |b .R4 
092 |a 580.144  |b R381n, 1945 
100 1 |a Reko, Blas Pablo. 
245 1 0 |a Mitobotanica zapoteca /  |c por el dr. Blas Pablo Reko ... 
264 1 |a Tacubaya :  |b D.F., General Leon 9,  |c 1945. 
300 |a 154 pages, 2 :  |b frontispiece, illustrations ;  |c 19 cm. 
336 |a text  |b txt  |2 rdacontent 
337 |a unmediated  |b n  |2 rdamedia 
338 |a volume  |b nc  |2 rdacarrier 
500 |a "Fe de erratas importantes": slip inserted. 
650 0 |a Plant names, Popular  |z Mexico. 
650 0 |a Plants  |v Folklore. 
650 0 |a Zapotec Indians  |x Religion. 
650 0 |a Zapotec language  |x Etymology  |x Names. 
650 0 |a Ethnobotany  |z Mexico. 
650 0 |a Zapotec language  |v Dictionaries  |x Spanish. 
949 |a updated  |b h  |c 2006/2/1  |e fpiscitelli  |f 5:20:20 pm 
999 |a MARS 
999 f f |s da53f3aa-2797-39ee-9545-14ccfe429aa5  |i 92fa2f5e-dee0-367c-98c2-49045258d1ac  |t 0 
952 f f |p ric  |a Texas A&M University  |b Rellis Campus  |c Joint Library Facility  |d Remote Storage  |t 0  |e QK13 .R4  |h Library of Congress classification  |i unmediated -- volume  |m A14800984992 
998 f f |a QK13 .R4  |t 0  |l Remote Storage